000 00235nam a22000857a 4500
008 161018b xxu||||| |||| 00| 0 eng d
100 _9890
_aJain.A.etal.
245 _aLearn Well Social Science-6
260 _aNew Delhi
_bHoly Faith Publications
999 _c3543
_d3543